Statistiche per Vittoria con posizione di partenza peggiore in Formula 1

Clicka qui per fare il quiz!

Statistiche generali

  • Questo quiz è stato fatto 3 volte
  • Il punteggio medio è 5 su 15

Statistiche sulle risposte

NazioneGran premio vintoPosizione di partenzaPilota% Corretto
Regno UnitoGran Premio di Germania 201814ºLewis Hamilton
100%
Paesi BassiGran Premio del Belgio 202214ºMax Verstappen
100%
Regno UnitoGran Premio d'Ungheria 200614ºJenson Button
67%
FinlandiaGran Premio del Giappone 200517ºKimi Räikkönen
67%
GermaniaGran Premio del Belgio 199516ºMichael Schumacher
67%
BrasileGran Premio di Germania 200018ºRubens Barrichello
67%
SpagnaGran Premio di Singapore 200815ºFernando Alonso
33%
AustraliaGran Premio d'Austria 197714ºAlan Jones
0%
Stati Uniti500 Miglia di Indianapolis 195419ºBill Vukovich
0%
Stati Uniti500 Miglia di Indianapolis 195514ºBob Sweikert
0%
Regno UnitoGran Premio del Sudafrica 197316ºJackie Stewart
0%
Regno UnitoGran Premio d'Europa 199914ºJohnny Herbert
0%
Regno UnitoGran Premio degli Stati Uniti d'America-Ovest 198322ºJohn Watson
0%
Regno UnitoGran Premio degli Stati Uniti d'America-Est 198217ºJohn Watson
0%
FranciaGran Premio di Monaco 199614ºOlivier Panis
0%

Distribuzione punteggi

Percentile per numero di risposta

Percentuale di utenti per punteggio

I tuoi punteggi nel tempo

Non hai fatto questo quiz